Представление документа в формате RUSMARC

ПолеНазваниеЗначение
  Тип записи a
  Библиографический уровень m
001 Контрольный номер 9f67b8b152d040aea6488f57e88a8317
005 Дата корректировки 20170327175800.3
101 Язык документа 0_
a Язык текста rus
102 Страна публикации __
a Страна публикации RU
200 Заглавие и сведения об ответственности 1_
a Заглавие Экономическая оценка инвестиций
b Общее обозначение материала Текст
e Сведения, относящиеся к заглавию Практикум
f Первые сведения об ответственности О.Л. Рыпина
210 Выходные данные 1_
a Место издания Арзамас
c Издательство РУК АФ
d Дата издания 2006
215 Физическое описание __
a Объем 36 с.
610 Ключевые слова 0_
a Ключевые слова Экономическая оценка инвестиций
686 Индексы других классификаций __
a Классификационный индекс 65.9(2)26
700 Автор _1
a Фамилия Рыпина
b Имя О.Л.
801 Источник записи _0
a Страна RU
b Организация РУК
c Дата составления 25.09.2015
g Правила каталогизации PSBO
801 Источник записи _1
a Страна RU
b Организация РУК
c Дата составления 25.09.2015
g Правила каталогизации PSBO
852 Данные о местонахождении __
i Авторский знак Р95
j Шифр хранения ББК 65.9(2)26
901 Тип документа __
t Тип документа m
937 Технологическая информация __
a Создатель записи (имя) Морозова
938 Служебная информация __
a Название организации Арзамасский филиал
952 Тип литературы __
c Вид литературы практикум